<?xml version="1.0" encoding="UTF-8"?>
<record
    xmlns:xsi="http://www.w3.org/2001/XMLSchema-instance"
    xsi:schemaLocation="http://www.loc.gov/MARC21/slim http://www.loc.gov/standards/marcxml/schema/MARC21slim.xsd"
    xmlns="http://www.loc.gov/MARC21/slim">

  <leader>00455    a2200133   4500</leader>
  <controlfield tag="005">20250619155108.0</controlfield>
  <datafield tag="020" ind1=" " ind2=" ">
    <subfield code="a">9987-617-85-9</subfield>
  </datafield>
  <datafield tag="082" ind1=" " ind2=" ">
    <subfield code="a">001.43  MAN</subfield>
  </datafield>
  <datafield tag="100" ind1=" " ind2=" ">
    <subfield code="a">MANYILIZU, B.</subfield>
  </datafield>
  <datafield tag="245" ind1=" " ind2=" ">
    <subfield code="a">An   Introduction  to  Quantitative  and  Qualitative  Techniques: A   Handbook  for  Research Beginners  and  Students  in Higher  Learning  Institutions</subfield>
  </datafield>
  <datafield tag="260" ind1=" " ind2=" ">
    <subfield code="a">Mzumbe,</subfield>
    <subfield code="b"> Mzumbe University,</subfield>
    <subfield code="c">2008.</subfield>
  </datafield>
  <datafield tag="300" ind1=" " ind2=" ">
    <subfield code="a">xviii, 122p.:</subfield>
    <subfield code="c">19cm.</subfield>
  </datafield>
  <datafield tag="942" ind1=" " ind2=" ">
    <subfield code="2">ddc</subfield>
    <subfield code="c">BKS</subfield>
  </datafield>
  <datafield tag="999" ind1=" " ind2=" ">
    <subfield code="c">4403</subfield>
    <subfield code="d">4403</subfield>
  </datafield>
  <datafield tag="952" ind1=" " ind2=" ">
    <subfield code="r">2025-06-19 10:35:43</subfield>
    <subfield code="l">0</subfield>
    <subfield code="o">001.43  MAN</subfield>
    <subfield code="p">00000013174</subfield>
    <subfield code="v">732000.00</subfield>
    <subfield code="w">2025-06-19</subfield>
    <subfield code="y">BKS</subfield>
    <subfield code="1">0</subfield>
    <subfield code="2">ddc</subfield>
    <subfield code="4">0</subfield>
    <subfield code="7">0</subfield>
    <subfield code="0">0</subfield>
    <subfield code="a">CBEML</subfield>
    <subfield code="b">CBEML</subfield>
    <subfield code="c">GEN</subfield>
    <subfield code="d">2025-04-04</subfield>
    <subfield code="g">24400.00</subfield>
  </datafield>
  <datafield tag="952" ind1=" " ind2=" ">
    <subfield code="r">2025-06-19 10:35:43</subfield>
    <subfield code="l">0</subfield>
    <subfield code="o">001.43  MAN</subfield>
    <subfield code="p">00000013175</subfield>
    <subfield code="v">732000.00</subfield>
    <subfield code="w">2025-06-19</subfield>
    <subfield code="y">BKS</subfield>
    <subfield code="1">0</subfield>
    <subfield code="2">ddc</subfield>
    <subfield code="4">0</subfield>
    <subfield code="7">0</subfield>
    <subfield code="0">0</subfield>
    <subfield code="a">CBEML</subfield>
    <subfield code="b">CBEML</subfield>
    <subfield code="c">GEN</subfield>
    <subfield code="d">2025-04-04</subfield>
    <subfield code="g">24400.00</subfield>
  </datafield>
</record>
